zpět

Detail výsledku týmu

Bar U Souseda, Plzeň

Datum a čas kvízu

23 Celkem bodů Celkový počet nahraných bodů na tomto kvízu bez doplňovacích otázek.
10. Pořadí na kvízu Konečné umístění týmu na tomto kvízu.

Zaznamenané odpovědi

# Otázka Odpověď Body Výsledky
1. Ve čtvrtek byl po dlouhých prů... Petr Hladík 0
2. Ruský prezident Putin uspořáda... Sauron 0
3. Svět módy přišel koncem minulé... Vivienne Westwood 1
4. Před Silvestrem spustila nezis... Psohňostroj 0
5. Čeští hokejisté na MS juniorů... 5:2 0
6. V tomto tématu budete hledat d... Dempsey a Makepeaceová 1
7. Ve světě Azeroth, jak byl před... orkové 1
8. Nejvýraznějším prvkem zřícenin... Baba a Panna 1
9. Při stavbě zdi se cihlám klade... běhouny 0
10. V historii se pouze dvěma vědc... Marie Curie-Skłodowská 1